Isolation and identification of clostridium perfringens from pasteurized cow milk in dhaka city / (Record no. 17679)

MARC details
000 -LEADER
fixed length control field 01115nam a22002777a 4500
001 - CONTROL NUMBER
control field BD-DhSAU
003 - CONTROL NUMBER IDENTIFIER
control field BD-DhSAU
005 - DATE AND TIME OF LATEST TRANSACTION
control field 20241212163525.0
008 - FIXED-LENGTH DATA ELEMENTS--GENERAL INFORMATION
fixed length control field 150420b2005 bg ||||| m||| 00| 0 eng d
040 ## - CATALOGING SOURCE
Original cataloging agency BD-DhSAU
082 ## - DEWEY DECIMAL CLASSIFICATION NUMBER
Edition number 22
Classification number 616.96
Item number R339
100 ## - MAIN ENTRY--PERSONAL NAME
Personal name MURAD, MD. REZUANUL HAQUE
Relator term Registration No. # 15-06610
245 ## - TITLE STATEMENT
Title Isolation and identification of clostridium<br/>perfringens from pasteurized cow milk in dhaka city /
Remainder of title MS thesis
260 ## - PUBLICATION, DISTRIBUTION, ETC. (IMPRINT)
Place of publication, distribution, etc. Sher-e-Bangla Agricultural University:
Name of publisher, distributor, etc. Department of microbiology and parasitology ,
Date of publication, distribution, etc. 2023
300 ## - PHYSICAL DESCRIPTION
Extent vi, 52p. ;
Dimensions 30 cm.
500 ## - GENERAL NOTE
General note MS thesis of Department of microbiology and parasitology<br/>SYSTEM , Faculty of ASVM, Sher-e-Bangla Agricultural University, Dhaka, Bangladesh
504 ## - BIBLIOGRAPHY, ETC. NOTE
Bibliography, etc Includes bibliographical reference.
590 ## - Name of Cataloguer
Name of Cataloger Nazmul
650 ## - SUBJECT ADDED ENTRY--TOPICAL TERM
Topical term or geographic name as entry element isolation and identification
651 ## - SUBJECT ADDED ENTRY--GEOGRAPHIC NAME
Geographic name clostridium perfringens
654 ## - SUBJECT ADDED ENTRY--FACETED TOPICAL TERM
Focus term pasteurized cow milk in dhaka city
700 ## - ADDED ENTRY--PERSONAL NAME
Personal name Assist. Prof. Dr. Muhammad Abdul Mannan
Relator term Superviser
700 ## - ADDED ENTRY--PERSONAL NAME
Personal name Dr. Ariful Islam
Relator term Co-superviser
942 ## - ADDED ENTRY ELEMENTS (KOHA)
Source of classification or shelving scheme Dewey Decimal Classification
Koha item type MS Level Thesis
Holdings
Withdrawn status Lost status Source of classification or shelving scheme Damaged status Not for loan Collection code Home library Branch Name Date acquired Total Checkouts Full call number Barcode Date last seen Price effective from Koha item type
    Dewey Decimal Classification   Not For Loan Reference SAU Library SAU Library 12/12/2024   616.96 R339 45488 12/12/2024 12/12/2024 MS Level Thesis